USA Centric - Common Place Names #4 - Counties - Statistics

General Stats
  • This quiz has been taken 200 times
  • The average score is 25 of 93
Answer Stats
Name Counties % Correct
1 Washington 31
90%
2 Jefferson 26
81%
4 Lincoln 24
80%
4 Jackson 24
78%
17 Adams 12
77%
6 Madison 20
73%
10 Monroe 17
64%
3 Franklin 25
63%
17 Johnson 12
61%
13 Grant 15
54%
44 Harrison 8
54%
17 Polk 12
54%
17 Lake 12
49%
44 Orange 8
49%
17 Lee 12
45%
31 Hamilton 10
44%
56 Taylor 7
44%
75 York 5
44%
37 Brown 9
42%
75 White 5
42%
17 Clark 12
39%
56 Lewis 7
36%
14 Greene 14
35%
61 Jones 6
34%
75 Pierce 5
34%
75 Essex 5
33%
7 Montgomery 18
33%
7 Clay 18
32%
37 Clinton 9
32%
7 Union 18
29%
44 Columbia 8
28%
17 Douglas 12
28%
61 Garfield 6
28%
12 Wayne 16
28%
75 Dallas 5
26%
31 Hancock 10
26%
75 Houston 5
26%
75 Kent 5
26%
37 Knox 9
26%
31 Henry 10
24%
10 Marion 17
23%
61 Mason 6
23%
75 Anderson 5
22%
44 Cherokee 8
22%
25 Morgan 11
22%
75 Carter 5
21%
61 Lafayette 6
21%
14 Warren 14
20%
61 Delaware 6
19%
17 Marshall 12
19%
16 Carroll 13
18%
25 Fayette 11
18%
44 Fulton 8
18%
61 Hardin 6
18%
56 Howard 7
18%
25 Lawrence 11
18%
61 Newton 6
18%
44 Boone 8
17%
31 Pike 10
17%
75 Allen 5
16%
75 Henderson 5
16%
31 Logan 10
15%
37 Benton 9
14%
25 Calhoun 11
14%
61 Martin 6
14%
31 Perry 10
14%
25 Scott 11
14%
37 Shelby 9
14%
37 Cass 9
13%
44 Cumberland 8
13%
56 Richland 7
13%
44 Webster 8
13%
44 Butler 8
12%
56 Pulaski 7
12%
61 Custer 6
11%
75 Sheridan 5
11%
25 Crawford 11
10%
44 Jasper 8
10%
75 Mitchell 5
10%
75 Campbell 5
9%
61 DeKalb 6
9%
44 Randolph 8
9%
61 Sullivan 6
9%
61 Macon 6
7%
37 Putnam 9
7%
75 Clarke 5
6%
75 Decatur 5
6%
61 Livingston 6
6%
61 Floyd 6
5%
44 Mercer 8
5%
75 Lyon 5
4%
75 Saline 5
3%
75 Caldwell 5
2%
No matching quizzes found
Score Distribution
Percent of People with Each Score
Percentile by Number Answered
Your Score History
You have not taken this quiz